000 01021nam a22002418a 4500
008 170131s2013 ck b r 00110dspa d
020 _a9788408142546
040 _aCO-JMCR
_bspa
_cCO-JMCR
_dCO-JMCR
_erda
041 1 _aspa
_heng
082 0 4 _a940.54
_bS87n
100 1 _aStone, Norman,
_d1941-2019
_944033
245 1 0 _aBreve historia de la segunda guerra mundial /
_cNorman Stone ; traducción de Francisco García Lorenzana.
260 _aBogotá ;
_aBarcelona :
_bEditorial Planeta,
_c©2013.
300 _a207 páginas :
_bilustraciones, mapas ;
_c19 cm.
500 _aIncluye índice.
534 _pTítulo riginal :
_tWorld war two. A short history.
650 1 4 _944034
650 2 4 _944035
650 2 4 _944036
650 2 4 _944037
700 1 _aGarcía Lorenzana, Francisco,
_944038
999 _c30938
_d17322